Catalog

Record Details

Catalog Search



Available copies

  • 2 of 2 copies available at LARL/NWRL Consortium. (Show)
  • 1 of 1 copy available at Northwest Regional Library.

Current holds

0 current holds with 2 total copies.

Show Only Available Copies
Location Call Number / Copy Notes Barcode Shelving Location Status Due Date
Greenbush Public Library j STA (Text) 35500005395148 Main Available -

Record details

  • ISBN: 9780545521451
  • ISBN: 0545521459
  • ISBN: 9780545597135 (lib. bdg.)
  • ISBN: 0545597137 (lib. bdg.)
  • Physical Description: 190 pages : illustrations ; 20 cm.
  • Edition: First edition.
  • Publisher: New York, NY : Scholastic Inc., 2014.

Content descriptions

Summary, etc.:
With Amy and Dan still in pursuit of Pierce, Amy ... Read More
Subject: Brothers and sisters > Juvenile fiction.
Adventure stories.
Brothers and sisters > Fiction.
Adventure and adventurers > Fiction.
LDR 02126cam a2200481Ii 4500
001165563
003LARL_NWRL_CONSORTIUM
00520140506120555.0
008140417s2014 nyua j 000 1 eng d
019 . ‡a859753742 ‡a871356227
020 . ‡a9780545521451
020 . ‡a0545521459
020 . ‡a9780545597135 (lib. bdg.)
020 . ‡a0545597137 (lib. bdg.)
035 . ‡a(OCoLC)968689876 ‡z(OCoLC)859753742 ‡z(OCoLC)871356227 ‡z(OCoLC)876915391
08204. ‡a[Fic] ‡223
1001 . ‡aStandiford, Natalie, ‡eauthor. ‡0(LARL_NWRL_CONSORTIUM)89372
24510. ‡aCountdown ‡n#3 / ‡cNatalie Standiford.
250 . ‡aFirst edition.
260 . ‡aNew York, NY : ‡bScholastic Inc., ‡c2014.
300 . ‡a190 pages : ‡billustrations ; ‡c20 cm.
336 . ‡atext ‡btxt ‡2rdacontent
337 . ‡aunmediated ‡bn ‡2rdamedia
338 . ‡avolume ‡bnc ‡2rdacarrier
4900 . ‡aThirty-nine clues. Unstoppable ; ‡v3
4900 . ‡a39 clues. Unstoppable ; ‡v3
4900 . ‡a39 clues. Unstoppable ; ‡vbook three
520 . ‡aWith Amy and Dan still in pursuit of Pierce, Amy does something unthinkable that sends shockwaves through her family.
650 0. ‡aBrothers and sisters ‡vJuvenile fiction. ‡0(LARL_NWRL_CONSORTIUM)163775
650 0. ‡aAdventure stories. ‡0(LARL_NWRL_CONSORTIUM)12829
650 1. ‡aBrothers and sisters ‡vFiction. ‡0(LARL_NWRL_CONSORTIUM)163634
650 1. ‡aAdventure and adventurers ‡vFiction. ‡0(LARL_NWRL_CONSORTIUM)175858
901 . ‡a165563 ‡bOCLC ‡c165563 ‡tbiblio

Additional Resources